Statystyki dla Najdrożsi piłkarze każdego klubu Premier League

Kliknij tutaj aby rozwiązać quiz!

Ogólne statystyki

  • Ten quiz został rozwiązany 901 razy
  • Średni wynik to 11 z 20

Statystyki odpowiedzi

KlubNarodowośćWartośćZawodnik% Poprawnych
LiverpoolEgipt150mln €Mohamed Salah
99%
TottenhamAnglia150mln €Harry Kane
97%
ChelseaFrancja100mln €N'Golo Kanté
89%
Manchester UnitedFrancja100mln €Paul Pogba
88%
ArsenalGabon70mln €Pierre-Emerick Aubameyang
82%
Manchester CityAnglia160mln €Raheem Sterling
79%
EvertonBrazylia60mln €Richarlison
76%
Crystal PalaceWKS55mln €Wilfried Zaha
75%
WolverhamptonPortugalia50mln €Rúben Neves
57%
Leicester CityAnglia60mln €James Maddison
53%
West HamAnglia55mln €Declan Rice
50%
Aston VillaAnglia35mln €Jack Grealish
49%
WatfordSenegal27mln €Ismaïla Sarr
40%
BournemouthHolandia35mln €Nathan Aké
35%
Newcastle UnitedBrazylia30mln €Joelinton
31%
Norwich CityArgentyna18mln €Emiliano Buendía
26%
BrightonFrancja22mln €Neal Maupay
26%
Sheffield UnitedNorwegia22mln €Sander Berge
23%
BurnleyAnglia25mln €James Tarkowski
20%
SouthamptonAnglia20mln €Nathan Redmond
8%

Rozkład punktacji

Percentyl według liczby udzielonych odpowiedzi

Procent ludzi z każdym wynikiem

Twoja historia wyników

Nie rozwiązałeś tego quizu